000 00420nam a22001817a 4500
003 NUST - PNEC
005 20170116181141.0
008 151008b xxu||||| |||| 00| 0 eng d
020 _a-
040 _cLIBRARY
082 _a954.051 SAG
100 _914686
_aTariq Ismail Sagar
245 _aTarget pakistan tha (Urdu)
_cTariq Ismail Sagar
250 _a-
260 _c-
650 _xGeneral
942 _2ddc
_cBK
999 _c70503
_d70503